Missing Word: TV Shows with 'T' Quiz Stats

 Plays Quiz Updated Apr 13, 2012

Support Sporcle.
Go Orange.
Score 0/20 Timer 02:00
0 Plays Today
Television Show Missing Word % Correct
America's Got ______Talent
99.6%
The Big Bang ______Theory
98.4%
So You _____ You Can DanceThink
97.5%
_______ by an AngelTouched
88.5%
Winner ____ AllTake
85.5%
My ___ DadsTwo
83.6%
Without a _____Trace
78%
You Can't Do That on __________Television
76.3%
My _____ SonsThree
76.3%
______ from the CryptTales
74.2%
Television Show Missing Word % Correct
Family ____Ties
66.8%
__________: The Sarah Connor ChronicleTerminator
62.3%
Have Gun - Will ______Travel
54.2%
Better Off ___Ted
49.6%
_____ WatchThird
32.3%
F _____Troop
31.1%
The Wild ___________Thornberrys
30.5%
It Takes a _____Thief
21.2%
Search for ________Tomorrow
19.3%
Men in _____Trees
11.2%

Today's Daily Dose

Word Ladder
ING Words

Get the Picture
Nearest Volcano

From the Vault

Flags of the World Venn Diagram

by awesomeness365

The next newly independent nation should make their flag look like this.
Remove Ads.
Support Sporcle.
Get the best of Sporcle when you Go Orange. This ad-free experience offers more features, more stats, and more fun while also helping to support Sporcle. Thank you for becoming a member.

Show Comments

Extras

Top Quizzes Today


Score Distribution

Your Account Isn't Verified!

In order to create a playlist on Sporcle, you need to verify the email address you used during registration. Go to your Sporcle Settings to finish the process.

Report this User

Report this user for behavior that violates our Community Guidelines.

Details: